Belief vs. Logic: An Experimental Study on the Effect of Epistemic Authority on Belief Bias

Predsudok viery je tendencia ľudí prijímať logické závery, pretože sú vierohodné, a nie preto, že sú nevyhnutne pravdivé. Cieľom tejto experimentálnej štúdie bolo preskúmať vplyv vnímanej epistemickej autority na výskyt skreslenia viery pri deduktívnom sylogistickom uvažovaní. Okrem toho sa očakával...

Description complète

Enregistré dans:
Détails bibliographiques
Auteur principal: Grežo, Matúš
Format: Chapitre de livre
Langue:anglais
Sujets:
Tags: Ajouter un tag
Pas de tags, Soyez le premier à ajouter un tag!

MARC

LEADER 00000naa a2200000 4500
001 0303385
005 20240806084246.9
041 0 |a eng 
044 |a SK 
245 1 0 |a Belief vs. Logic: An Experimental Study on the Effect of Epistemic Authority on Belief Bias  |c Matúš Grežo 
520 |a Predsudok viery je tendencia ľudí prijímať logické závery, pretože sú vierohodné, a nie preto, že sú nevyhnutne pravdivé. Cieľom tejto experimentálnej štúdie bolo preskúmať vplyv vnímanej epistemickej autority na výskyt skreslenia viery pri deduktívnom sylogistickom uvažovaní. Okrem toho sa očakávalo, že osobná potreba štruktúry bude tento účinok zmierňovať. Vplyv epistemickej autority na zaujatosť presvedčenia sa nepreukázal ako významný a osobná potreba štruktúry tento vplyv nemoderovala. Naše zistenia naznačujú, že na rozdiel od neformálnej argumentácie môže byť formálna deduktívna argumentácia chránená pred možnými negatívnymi účinkami epistemickej autority. 
610 2 0 |a psychológia aplikovaná 
610 2 0 |a logika 
610 2 0 |a myslenie kritické 
610 2 0 |a psychológia sociálna 
610 2 0 |a autorita 
610 2 0 |a štúdie psychologické 
100 1 |a Grežo, Matúš